Handbook of international law / (Record no. 14334)
[ view plain ]
| 000 -LEADER | |
|---|---|
| fixed length control field | 01416cam a22002775a 4500 |
| 001 - CONTROL NUMBER | |
| control field | 13950716 |
| 005 - DATE AND TIME OF LATEST TRANSACTION | |
| control field | 20160720135606.0 |
| 008 - FIXED-LENGTH DATA ELEMENTS--GENERAL INFORMATION | |
| fixed length control field | 050503s2010 enk frb f001 0 eng d |
| 010 ## - LIBRARY OF CONGRESS CONTROL NUMBER | |
| LC control number | 2005012925 |
| 020 ## - INTERNATIONAL STANDARD BOOK NUMBER | |
| International Standard Book Number | 9780521133494 |
| 040 ## - CATALOGING SOURCE | |
| Original cataloging agency | DLC |
| Language of cataloging | eng |
| Transcribing agency | DLC |
| Modifying agency | DLC |
| -- | EG-ScBUE |
| -- | EG-ScBUE |
| 082 04 - DEWEY DECIMAL CLASSIFICATION NUMBER | |
| Classification number | 341 |
| Item number | AUS |
| Edition number | 22 |
| 100 1# - MAIN ENTRY--PERSONAL NAME | |
| Personal name | Aust, Anthony. |
| 9 (RLIN) | 15694 |
| 245 10 - TITLE STATEMENT | |
| Title | Handbook of international law / |
| Statement of responsibility, etc | Anthony Aust. |
| 246 3# - VARYING FORM OF TITLE | |
| Title proper/short title | International law |
| 250 ## - EDITION STATEMENT | |
| Edition statement | 2nd ed. |
| 260 ## - PUBLICATION, DISTRIBUTION, ETC. (IMPRINT) | |
| Place of publication, distribution, etc | Cambridge : |
| Name of publisher, distributor, etc | Cambridge University Press, |
| Date of publication, distribution, etc | 2010. |
| 300 ## - PHYSICAL DESCRIPTION | |
| Extent | lxiii, 527 p. ; |
| Dimensions | 24 cm. |
| 500 ## - GENERAL NOTE | |
| General note | Index : p. |
| 504 ## - BIBLIOGRAPHY, ETC. NOTE | |
| Bibliography, etc | Includes bibliographical references. |
| 505 0# - FORMATTED CONTENTS NOTE | |
| Formatted contents note | International law -- States and recognition -- Territory -- Jurisdiction -- The law of treaties -- Diplomatic privileges and immunities -- State immunity -- Nationality, aliens and refugees -- International organisations -- The United Nations, including the use of force -- Human rights -- The law of armed conflict: (international humanitarian law) -- International criminal law -- Terrorism -- The law of the sea -- International environmental law -- International civil aviation -- Special regimes -- International economic law -- Succession of states -- State responsibility -- Settlement of disputes -- The European Union. |
| 650 #7 - SUBJECT ADDED ENTRY--TOPICAL TERM | |
| Topical term or geographic name as entry element | International law. |
| Source of heading or term | BUEsh |
| 9 (RLIN) | 9620 |
| 651 ## - SUBJECT ADDED ENTRY--GEOGRAPHIC NAME | |
| Source of heading or term | BUEsh |
| 653 ## - INDEX TERM--UNCONTROLLED | |
| Resource For college | Law |
| Arrived date list | July2016 |
| 942 ## - ADDED ENTRY ELEMENTS (KOHA) | |
| Source of classification or shelving scheme | Dewey Decimal Classification |
| Item type | Book - Borrowing |
| Withdrawn status | Item status | Source of classification or shelving scheme | Damaged status | Not for loan | Vendor | Home library | Current library | Shelving location | Date acquired | Source of acquisition | Cost, normal purchase price | Serial Enumeration / chronology | Total Checkouts | Total Renewals | Full call number | Barcode | Date last seen | Date last borrowed | Koha item type | Cost, replacement price |
|---|---|---|---|---|---|---|---|---|---|---|---|---|---|---|---|---|---|---|---|---|
| Dewey Decimal Classification | Baccah | Central Library | Central Library | First floor | 01/07/2010 | 279.00 | 10485 | 11 | 60 | 341 AUS | 000021377 | 15/07/2025 | 12/03/2024 | Book - Borrowing | ||||||
| Dewey Decimal Classification | Baccah | Central Library | Central Library | First floor | 20/07/2016 | Purchase | 416.00 | 26080 | 10 | 39 | 341 AUS | 000032916 | 15/07/2025 | 28/11/2022 | Book - Borrowing | 520.00 |